Physical fertility of typical Mekong Delta soils (Vietnam) and land suitability assessment for alternative crops with rice cultivation = Luận văn Thạc sĩ khoa học Địa Lý. Chuyên ngành: Địa lý tài nguyên môi trường

Spremljeno u:
Bibliografski detalji
Glavni autor: Lê, Văn Khoa
Format: Knjiga
Jezik:Undetermined
Izdano: The Netherlands Universiteit Gent 2003
Teme:
Oznake: Dodaj oznaku
Bez oznaka, Budi prvi tko označuje ovaj zapis!
Thư viện lưu trữ: Trung tâm Học liệu Trường Đại học Cần Thơ
LEADER 00769nam a2200217Ia 4500
001 CTU_58484
008 210402s9999 xx 000 0 und d
082 |a 631.42 
082 |b Kh401 
088 |a 604474 
100 |a Lê, Văn Khoa 
245 0 |a Physical fertility of typical Mekong Delta soils (Vietnam) and land suitability assessment for alternative crops with rice cultivation = 
245 0 |b Luận văn Thạc sĩ khoa học Địa Lý. Chuyên ngành: Địa lý tài nguyên môi trường 
245 0 |c Lê Văn Khoa 
260 |a The Netherlands 
260 |b Universiteit Gent 
260 |c 2003 
650 |a soil fertility 
650 |z mekong delta 
904 |i Minh 
980 |a Trung tâm Học liệu Trường Đại học Cần Thơ